Subdivision capitals closest to Brașov (RO) - Statistics

General Stats
  • This quiz has been taken 14 times
  • The average score is 14 of 20
Answer Stats
Distance (km) Answer % Correct
11 139 București
100%
14 163 Alba Iulia
78%
3 82 Miercurea Ciuc
78%
5 104 Pitești
78%
4 85 Ploiești
78%
7 113 Râmnicu Vâlcea
78%
8 113 Sibiu
78%
2 80 Târgoviște
78%
10 128 Târgu Mureș
78%
12 149 Bacău
67%
18 191 Brâila
67%
6 110 Buzău
67%
20 193 Galați
67%
13 156 Piatra Neamț
67%
1 29 Sfântu Gheorghe
67%
9 124 Focșani
56%
15 184 Slobozia
56%
19 193 Târgu Jiu
56%
17 187 Alexandria
44%
16 186 Bistrița
44%
No matching quizzes found
Score Distribution
Percent of People with Each Score
Percentile by Number Answered
Your Score History
You have not taken this quiz